Normal view
MARC view
- M.Arshad Bashir
Entry Personal Name
001 - CONTROL NUMBER
- control field: 54745
003 - CONTROL NUMBER IDENTIFIER
- control field: NUST
005 - DATE AND TIME OF LATEST TRANSACTION
- control field: 20210421120031.0
008 - FIXED-LENGTH DATA ELEMENTS
- fixed length control field: 210421|| aca||aabn | a|a d
040 ## - CATALOGING SOURCE
- Original cataloging agency: NUST
- Transcribing agency: NUST
100 ## - HEADING--PERSONAL NAME
- Personal name: M.Arshad Bashir
670 ## - SOURCE DATA FOUND
- Source citation: Work cat.: (NUST): M.Arshad Bashir, Synthesis &Mechanical Properties Evaluation of Epdm Based Ablative Composites, 2009
